Song Lyrics 1970's (early/mid seventies) - Statistics

General Stats
  • This quiz has been taken 160 times
  • The average score is 7 of 20
Answer Stats
Song Lyric Answer % Correct
"it tastes just like Cherry Cola..." Lola (Kinks)
79%
"Bismillah..." Bohemian Rhapsody (Queen)
73%
"Shaved her legs and then he was a she..." Walk On The Wild Side (Lou Reed)
62%
"Well, I got a brand new pair of roller skates..." Brand New Key (Melanie)
56%
"Feel the beat from the tambourine, oh yeah..." Dancing Queen (Abba)
56%
"What a tale my thoughts could tell..." If You Could Read My Mind (Gordon Lightfoot)
52%
"Girls, grab your boys, We get wild, wild, wild..." Cum on Feel the Noize (Slade)
49%
"It's only there trying to fool the public..." Tears Of A Clown (Smokey Robinson & The Miracles)
40%
"Times are good or bad, happy or sad..." Let's Stay Together (Al Green)
33%
"Sailors fighting in the dance hall..." Life On Mars (David Bowie)
31%
"Cos she couldn't help me with my mind..." Paranoid (Black Sabbath)
31%
"That's right, that's right, that's right..." Tiger Feet (Mud)
26%
"In a government yard in Trenchtown..." No Woman No Cry (Bob Marley & the Wailers)
23%
"Or do what you want, running wild.." Make Me Smile (Come Up And See Me) (Steve Harley & Cockney Rebel)
21%
"Underground, overground..." The Wombling Song (The Wombles)
17%
"I'm gonna make you the biggest star this world has ever seen..." Emma (Hot Chocolate)
13%
"Die Sonne scheint mit Glitzerstrahl..." Autobahn (Kraftwerk)
9%
"Your map of Mozambique..." You're Moving Out Today (Carol Bayer Sager)
6%
"would I look right, Climbing up the drainpipe..." Lamplight (David Essex)
5%
"3D vision And the California blues..." Telegram Sam (T.Rex)
5%
No matching quizzes found
Score Distribution
Percent of People with Each Score
Percentile by Number Answered
Your Score History
You have not taken this quiz